Opał dokończ tekst #1 Łatwy - Statystyki

Ogólne statystyki
  • Ten quiz został rozwiązany 64 razy
  • Średni wynik to 8 z 15
Statystyki odpowiedzi
Hint Odpowiedź % Poprawnych
1. Drive Znów wyjeżdżam ale wracam więc to nie tak że _____ uciekłem
89%
3. Nowy dom Dzięki Mati za tę jedną szansę , ____ dały nowy dach połączenia
84%
14. Madryt Chodzę na wpół zmieszany _____ w dół piżamy ubrany
82%
9. Widnokrąg Rozmazany widnokrąg chodź poudajemy że ___ _ znasz to
76%
7. Bullet time I niech lecą we mnie __ ja mam bullet time kule
73%
13. Droga mleczna Jesteśmy tylko gwiazdą na ______ mlecznej autostradzie
60%
6.Jaśmin Lubie jak chłodnymi ____ oplatasz palce jak kastet dłońmi
47%
10. Lek na nieśmiertelność Mijam te zakochane parki, w nich zakochane parki a ja ____ swoją laurę jak Kartky zabiłem
47%
5. Offline Spakowałem cały bagaż a to tylko ___ _ __ plecak w dłoń
44%
2. Kropla Ciągle to słyszę Łukasz się ____ a żaden nie kuma że to nie na miejscu zmieniłeś
44%
11. Pył Powodzenia w drodze na dno ale zostaw ___ ___ moich ludzi
40%
12. Obcy Za znajomości _____ i nie muszę przepraszać dziękuje
33%
4. Duży wóz i mały chłopiec To drobiazgi ale ___ __ ____ ten sam dzieciak wpada w ten sam letarg przez ten detal
33%
8. Zanim przyjdzie dzien Wiesz że się lubię zgubić a nic nie ginie w ___ naturze
29%
15. Pandora Z głową w chmurach, chociaż chmurą ______ głowa przepalona
29%
Nie znaleziono quizów pasujących do podanych kryteriów
Rozkład punktacji
Procent ludzi z każdym wynikiem
Percentyl według liczby udzielonych odpowiedzi
Twoja historia wyników
Nie rozwiązałeś tego quizu